Juan Pablo Duarte : (Registro nro. 7411)
[ vista simple ]
| 000 -LIDER | |
|---|---|
| fixed length control field | 00955nam a2200301 a 4500 |
| 001 - NÚMERO DE CONTROL | |
| Identificador de número de control | 000007129 |
| 003 - IDENTIFICACDOR DE NÚMERO DE CONTROL | |
| control field | DO-SdBNP |
| 005 - DATE AND TIME OF LATEST TRANSACTION | |
| control field | 20180321085904.0 |
| 007 - CAMPOS FIJOS DE DESCRIPCIÓN FÍSICA | |
| fixed length control field | 000007129 |
| 008 - ELEMENTOS DE LONGITUD FIJA | |
| fixed length control field | 090717s2006 dr a 000 0 spa d |
| 020 ## - ISBN | |
| International Standard Book Number | 9993485039 |
| 040 ## - FUENTE DE CATALOGACIÓN | |
| Agencia que crea de manera original el registro | BPMSU |
| Idioma de catalogación | spa |
| Agencia que realiza la transcripción | BPMSU |
| 082 #4 - NÚMERO DE CLASIFICACIÓN DECIMAL DE DEWEY | |
| Classification number | 923.27293 |
| Item number | D812C, 2006 |
| 100 1# - ASIENTO PRINCIPAL -- NOMBRE PERSONAL | |
| Nombre personal | Cassá, Roberto, |
| Fechas asociadas con el nombre | 1948- |
| 245 10 - MENCIÓN DE TITULO | |
| Título | Juan Pablo Duarte : |
| Subtítulo | el padre de la patria / |
| Mención de responsabilidad | Roberto Cassá. |
| 250 ## - MENCIÓN DE EDICION | |
| Mención de edición | 2a ed. |
| 260 ## - PUBLICACIÓN, DISTRIBUCIÓN, ETC. (PIE DE IMPRENTA) | |
| Lugar de publicación, distribución, etc | Santo Domingo : |
| Nombre del editor, distribuidor, etc. | Tobogán, |
| Fecha de publicación, distribución, etc | 2006 |
| Lugar de impresión | Alfa & Omega |
| 300 ## - DESCRIPCIÓN FÍSICA | |
| Extensión | 55 p. : |
| Otros detalles físicos | il. ; |
| Dimensiones | 21 cm. |
| 490 0# - MENCIÓN DE SERIES | |
| Mención de serie | Biografías dominicanas Tobogán |
| 504 ## - NOTA DE BIBLIOGRAFÍA, ETC. | |
| Bibliography, etc | Bibliografía: p. 55 |
| 650 #4 - ENCABEZAMIENTO DE MATERIA--TEMÁTICO | |
| Término temático o nombre geográfico como elemento de entrada | DUARTE Y DIEZ, JUAN PABLO, |
| Fechas activas | 1813-1876 |
| 651 #4 - ENCABEZAMIENTO DE MATERIA--NOMBRE GEOGRÁFICO | |
| Nombre geográfico | REPÚBLICA DOMINICANA |
| Subdivisión temática general | HISTORIA |
| Subdivisión cronológica | 1844-1930 |
| 830 #0 - ASIENTO SECUNDARIO DE SERIE--TÍTULO UNIFORME | |
| Título uniforme | Biografías dominicanas Tobogán |
| 910 ## - VALIDACIÓN | |
| Validación | Validado. Control de calidad BNPHU |
| 942 ## - ADDED ENTRY ELEMENTS (KOHA) | |
| Source of classification or shelving scheme | Dewey Decimal Classification |
| Koha item type | Libros |
| 945 ## - INFORMACIÓN DE PROCESAMIENTO LOCAL | |
| Información de procesamiento local | Inventariado, 2017/MFF |
| 956 ## - LOCAL ELECTRONIC LOCATION AND ACCESS (OCLC) | |
| Nombre de host | VMATEO |
| Número de acceso | 30 |
| Información de compresión | 20150324 |
| Inicio de sesión | BPMSU |
| Procesador de solicitud | 0069 |
| Withdrawn status | Lost status | Source of classification or shelving scheme | Damaged status | Not for loan | Collection code | Home library | Current library | Date acquired | Total Checkouts | Full call number | Barcode | Date last seen | Price effective from | Koha item type | Copy number |
|---|---|---|---|---|---|---|---|---|---|---|---|---|---|---|---|
| Dewey Decimal Classification | Colección Dominicana | Biblioteca Pública Metropolitana Salomé Ureña | Biblioteca Pública Metropolitana Salomé Ureña | 02/16/2015 | 923.27293 D812C 2006 | BPMSU15041321 | 02/16/2015 | 02/16/2015 | Libros | ||||||
| Dewey Decimal Classification | Colección Dominicana | Biblioteca Pública Metropolitana Salomé Ureña | Biblioteca Pública Metropolitana Salomé Ureña | 10/09/2017 | 923.27293 D812C, 2006 | BPMSU17100008 | 10/09/2017 | 10/09/2017 | Libros | e.2 | |||||
| Dewey Decimal Classification | Colección Dominicana | Biblioteca Pública Metropolitana Salomé Ureña | Biblioteca Pública Metropolitana Salomé Ureña | 10/09/2017 | 923.27293 D812C, 2006 | BPMSU17100009 | 10/09/2017 | 10/09/2017 | Libros | e.3 |